Right of thirst : (Record no. 232785)
[ view plain ]
| 000 -LEADER | |
|---|---|
| fixed length control field | 01647cam a2200313 a 4500 |
| 001 - CONTROL NUMBER | |
| control field | 15409022 |
| 003 - CONTROL NUMBER IDENTIFIER | |
| control field | Nust |
| 005 - DATE AND TIME OF LATEST TRANSACTION | |
| control field | 20170223121754.0 |
| 008 - FIXED-LENGTH DATA ELEMENTS--GENERAL INFORMATION | |
| fixed length control field | 080812s2009 nyu 000 1 eng |
| 010 ## - LIBRARY OF CONGRESS CONTROL NUMBER | |
| LC control number | 2008035457 |
| 020 ## - INTERNATIONAL STANDARD BOOK NUMBER | |
| International Standard Book Number | 9781851687343 |
| 035 ## - SYSTEM CONTROL NUMBER | |
| System control number | (OCoLC)ocn243845417 |
| 040 ## - CATALOGING SOURCE | |
| Original cataloging agency | DLC |
| Transcribing agency | DLC |
| Modifying agency | BTCTA |
| -- | YDXCP |
| -- | LIQ |
| -- | YDX |
| -- | CDX |
| -- | IH9 |
| -- | KSA |
| -- | C#P |
| -- | BWX |
| -- | VP@ |
| -- | IXA |
| -- | B@L |
| -- | DLC |
| 050 00 - LIBRARY OF CONGRESS CALL NUMBER | |
| Classification number | PS3608.U98 |
| Item number | R54 2009 |
| 082 00 - DEWEY DECIMAL CLASSIFICATION NUMBER | |
| Classification number | 813.6 |
| Author Mark | HUY |
| 100 1# - MAIN ENTRY--PERSONAL NAME | |
| Personal name | Huyler, Frank, |
| Dates associated with a name | 1964- |
| 245 10 - TITLE STATEMENT | |
| Title | Right of thirst : |
| Remainder of title | a novel / |
| Statement of responsibility, etc. | Frank Huyler. |
| 250 ## - EDITION STATEMENT | |
| Edition statement | 1st ed. |
| 260 ## - PUBLICATION, DISTRIBUTION, ETC. | |
| Place of publication, distribution, etc. | New York : |
| Name of publisher, distributor, etc. | Harper Perennial, |
| Date of publication, distribution, etc. | 2009. |
| 300 ## - PHYSICAL DESCRIPTION | |
| Extent | 355, 16 p. ; |
| Dimensions | 21 cm. |
| 520 ## - SUMMARY, ETC. | |
| Summary, etc. | Volunteering to assist earthquake relief efforts in an impoverished Islamic country after the shattering death of his wife, successful cardiologist Charles Anderson encounters life-threatening hostilities when the refugees he expects do not appear and the area where he is stationed comes under fire. |
| 650 #0 - SUBJECT ADDED ENTRY--TOPICAL TERM | |
| Topical term or geographic name entry element | Physicians |
| Form subdivision | Fiction. |
| 650 #0 - SUBJECT ADDED ENTRY--TOPICAL TERM | |
| Topical term or geographic name entry element | Humanitarian assistance |
| Form subdivision | Fiction. |
| 655 #7 - INDEX TERM--GENRE/FORM | |
| Genre/form data or focus term | Medical novels. |
| Source of term | gsafd |
| 856 42 - ELECTRONIC LOCATION AND ACCESS | |
| Materials specified | Contributor biographical information |
| Uniform Resource Identifier | <a href="http://www.loc.gov/catdir/enhancements/fy1001/2008035457-b.html">http://www.loc.gov/catdir/enhancements/fy1001/2008035457-b.html</a> |
| 856 42 - ELECTRONIC LOCATION AND ACCESS | |
| Materials specified | Publisher description |
| Uniform Resource Identifier | <a href="http://www.loc.gov/catdir/enhancements/fy1001/2008035457-d.html">http://www.loc.gov/catdir/enhancements/fy1001/2008035457-d.html</a> |
| 906 ## - LOCAL DATA ELEMENT F, LDF (RLIN) | |
| a | 7 |
| b | cbc |
| c | orignew |
| d | 1 |
| e | ecip |
| f | 20 |
| g | y-gencatlg |
| 942 ## - ADDED ENTRY ELEMENTS (KOHA) | |
| Source of classification or shelving scheme | |
| Koha item type | Book |
| Withdrawn status | Lost status | Source of classification or shelving scheme | Damaged status | Not for loan | Collection code | Permanent Location | Current Location | Shelving location | Date acquired | Total Checkouts | Total Renewals | Full call number | Barcode | Date last seen | Date last checked out | Copy number | Price effective from | Koha item type |
|---|---|---|---|---|---|---|---|---|---|---|---|---|---|---|---|---|---|---|
| Central Library (CL) | Central Library (CL) | Fiction | 02/23/2017 | 7 | 1 | 813.6 HUY | CL352 | 04/17/2026 | 03/15/2026 | 1 | 02/23/2017 | Book |
